00940njm a2200265Ia 4500001000600000003000900006005001700015008004100032040001300073040001300086041001200099100001300111100001800124100003800142245000900180250001100189260001200200260006600212300001000278500001600288505019100304650004500495700007700540700005700617D9228IT-RoPAU20220918181146.0131025s9999 xx 000 0 und d aIT-RoPAU cIT-RoPAU aINGLESE aGenesis  eAutore musica gCodice autore musica SPICS: 10916 aDuke a1a ed. aGERMANY bCHARISMA RECORDSc1980 [1a Ed.:1980 - Ed. Lingua Orig.: 1980] aDISCO aMusica pop. aBehind the Lines - Duchess - Guide Vocal - Man of Our Times - Misundenstanding - Heathaze - Turn It On Again - Alone Tonight - Cul De Sac - Please Don't Ask - Duke's Travels - Duke's End aPOP [DISCHI]eCodice MATERIA SPICS: 9950 aGenesis eAutore testo e musicagCodice autore testo/musica SPICS: 10916 aGenesis gCodice interprete SPICS: 10916eInterprete